Apple, Peaches, Pumpkin Pie Quiz Stats

 Plays Quiz Updated Oct 3, 2017

Score 0/12 Timer 03:00
1 Play Today
Question Answer Wrong Answers
According to a proverb, one of these a day keeps the doctor away? An apple
96.2%
A peach
0.9%
A pumpkin
0.7%
According to the nursery rhyme, which was Peter Peter? A pumpkin eater
91.9%
An apple eater
2.7%
A peach eater
2%
Which do people bob for at many Halloween parties? Apples
90.6%
Peaches
0.6%
Pumpkins
3.7%
Which word completes the title of the Allman Brothers album, Eat a ____? Peach
85.2%
Apple
4.1%
Pumpkin Pie
7.7%
Who does Linus claim brings gifts in the comic strip Peanuts? The Great Pumpkin
84.1%
Captain Peachfuzz
5.3%
Crabby Appleton
5%
Which is popular in the Harry Potter novels? Pumpkin juice
79.7%
Apple juice
9%
Peach smoothies
5.9%
Which was Ty Cobb's nickname? The Georgia Peach
75.5%
The Big Apple
6%
The Pumpkin Smasher
13.6%
The dessert Brown Betty traditionally contains which fruit? Apple
64.9%
Peaches
24%
Pumpkin
4.8%
Which company was founded by the Beatles in 1968? Apple Corps
61.1%
Pumpkin Heads
17%
Peach Pits
14.6%
Which was the previous name of Sage 50 Accounting a popular software system? Peachtree
55.1%
Apple Orchard
24.6%
Pumpkin Patch
13.4%
The song Apple, Peaches, Pumpkin Pie was a top 10 hit for which artist? Jay & the Techniques
37.5%
Jay and the Americans
51.2%
Jay and Silent Bob
10.8%
According to a 2013 survey, which is the most popular pie for the U.S. Thanksgiving holiday? Apple Pie
22.1%
Pumpkin Pie
72.9%
Peach Pie
0.9%

You're not logged in!

Compare scores with friends on all Sporcle quizzes.
OR
Log In

You Might Also Like...

Show Comments

Extras

Top Quizzes Today


Score Distribution

Your Account Isn't Verified!

In order to create a playlist on Sporcle, you need to verify the email address you used during registration. Go to your Sporcle Settings to finish the process.

Report this User

Report this user for behavior that violates our Community Guidelines.

Details: